<?xml version="1.0" encoding="UTF-8"?><?xml-stylesheet type="text/xsl" href="static/style.xsl"?><OAI-PMH xmlns="http://www.openarchives.org/OAI/2.0/" xmlns:xsi="http://www.w3.org/2001/XMLSchema-instance" xsi:schemaLocation="http://www.openarchives.org/OAI/2.0/ http://www.openarchives.org/OAI/2.0/OAI-PMH.xsd"><responseDate>2026-04-27T08:20:29Z</responseDate><request verb="GetRecord" identifier="oai:uvadoc.uva.es:10324/7665" metadataPrefix="marc">https://uvadoc.uva.es/oai/request</request><GetRecord><record><header><identifier>oai:uvadoc.uva.es:10324/7665</identifier><datestamp>2021-06-23T18:36:36Z</datestamp><setSpec>com_10324_30605</setSpec><setSpec>com_10324_894</setSpec><setSpec>col_10324_41</setSpec></header><metadata><record xmlns="http://www.loc.gov/MARC21/slim" xmlns:doc="http://www.lyncode.com/xoai" xmlns:xsi="http://www.w3.org/2001/XMLSchema-instance" xmlns:dcterms="http://purl.org/dc/terms/" xsi:schemaLocation="http://www.loc.gov/MARC21/slim http://www.loc.gov/standards/marcxml/schema/MARC21slim.xsd">
<leader>00925njm 22002777a 4500</leader>
<datafield tag="042" ind1=" " ind2=" ">
<subfield code="a">dc</subfield>
</datafield>
<datafield tag="720" ind1=" " ind2=" ">
<subfield code="a">García Herrero, Francisco Javier</subfield>
<subfield code="e">author</subfield>
</datafield>
<datafield tag="260" ind1=" " ind2=" ">
<subfield code="c">2014</subfield>
</datafield>
<datafield tag="520" ind1=" " ind2=" ">
<subfield code="a">Dimensión comunicacional de la Numismática a través de de 53 años de la historia de España con diferentes regímenes y situaciones políticas, llegando a convertirse en un medio de comunicación de masas y a la vez en un medio radical parásito  que da voz a los marginados. A su vez se descubre la presencia de una modalidad numismática como son los jetones que sólo buscan una comunicación publicitaria y comercial</subfield>
</datafield>
<datafield tag="024" ind2=" " ind1="8">
<subfield code="a">http://uvadoc.uva.es/handle/10324/7665</subfield>
</datafield>
<datafield tag="024" ind2=" " ind1="8">
<subfield code="a">b1692930</subfield>
</datafield>
<datafield tag="024" ind2=" " ind1="8">
<subfield code="a">10.35376/10324/7665</subfield>
</datafield>
<datafield ind1=" " ind2=" " tag="653">
<subfield code="a">Numismática-España-Historia-Siglo XIX-XX</subfield>
</datafield>
<datafield ind1=" " ind2=" " tag="653">
<subfield code="a">Propaganda política-España-Historia-Siglo XIX-XX</subfield>
</datafield>
<datafield ind1=" " ind2=" " tag="653">
<subfield code="a">Publicidad estatal-España-Historia-SigloXIX-XX</subfield>
</datafield>
<datafield tag="245" ind1="0" ind2="0">
<subfield code="a">Dimensión comunicacional de la numismática en España 1886-1939, Monarquía, Repúpublica y Guerra: sátira, publicidad y propaganda</subfield>
</datafield>
</record></metadata></record></GetRecord></OAI-PMH>